| 000 | 00561nam a22001457a 4500 | ||
|---|---|---|---|
| 008 | 160511b xxu||||| |||| 00| 0 eng d | ||
| 082 |
_22014 _aUT 0541 _bB64 |
||
| 100 |
_97888 _aBoquinquito, Rhica Eizel D. |
||
| 245 |
_aSelf-esteem and depression among homosexual students in University of Mindanao Digos College/ _cRhica Eizel D. Boquinquito and Ruth P. Buenaventura. |
||
| 260 |
_aDigos City: _bUMDC _cOctober 2014. |
||
| 300 |
_a43 pages; _c29.5 cm. |
||
| 650 | 0 |
_97887 _aNursing _xUndergraduate thesis. |
|
| 700 |
_97886 _aBuenaventura, Ruth P. |
||
| 942 |
_2ddc _cUT |
||
| 999 |
_c2400 _d2400 |
||